Movies Quiz

Random Movies or Letter Quiz

'C' Movies by Picture II Quiz Stats

 Plays Quiz Updated Dec 15, 2016

Support Sporcle.
Go Orange.
Score 0/25 Timer 06:00
4 Plays Today
Movie % Correct
Cast Away
87.5%
Chicken Run
85.1%
Crocodile Dundee
70.7%
Cloudy with a Chance of Meatballs
70.4%
The Curious Case of Benjamin Button
67.7%
Crouching Tiger Hidden Dragon
63%
Christmas Vacation
59.3%
Coming to America
57.4%
Capote
56.9%
The Cable Guy
56.3%
Chariots of Fire
53.7%
Clerks
52.2%
Crash
48.8%
Movie % Correct
Close Encounters of the Third Kind
45.1%
Children of Men
43.1%
Charlie Wilson's War
41.5%
Crank 2
40%
Cannonball Run
35.8%
Changeling
35.8%
Clear and Present Danger
27.1%
Carlito's Way
26.9%
Courage Under Fire
22.1%
The Count of Monte Cristo
17.5%
The Cooler
15.6%
The Cincinnati Kid
9.6%

You're not logged in!

Compare scores with friends on all Sporcle quizzes.
OR
Log In
Forgot?

From the Vault

Hebrew Alphabet

by davidr

With only twenty-two letters, this should be so much easier than the Roman alphabet!
Remove Ads.
Support Sporcle.
Get the best of Sporcle when you Go Orange. This ad-free experience offers more features, more stats, and more fun while also helping to support Sporcle. Thank you for becoming a member.

Show Comments

Extras

Top Quizzes Today


Score Distribution

Your Account Isn't Verified!

In order to create a playlist on Sporcle, you need to verify the email address you used during registration. Go to your Sporcle Settings to finish the process.

Report this User

Report this user for behavior that violates our Community Guidelines.

Details: